All WWE NXT Dusty Rhodes Tag Team Classic Winners - Statistics

General Stats
  • This quiz has been taken 454 times
    351 since last reset
  • The average score is 10 of 14
Answer Stats
Hint Answer % Correct
2015 Samoa Joe
83%
2015 Finn Balor
82%
2018 Adam Cole
80%
2020 Pete Dunne
78%
2018 Kyle O'Reilly
75%
2020 Matt Riddle
75%
2021 (Women's) Dakota Kai
70%
2016 Akam
66%
2021 (Women's) Raquel Gonzalez
66%
2016 Rezar
64%
2021 (Men's) Wes Lee
64%
2021 (Men's) Nash Carter
62%
2019 Aleister Black
59%
2019 Ricochet
58%
No matching quizzes found
Score Distribution
Percent of People with Each Score
Percentile by Number Answered
Your Score History
You have not taken this quiz since the last reset